书目信息 |
| 题名: |
五卅时期文学史论
|
|
| 作者: | 许豪炯 | |
| 分册: | ||
| 出版信息: | 上海 上海社会科学院出版社 1997 |
|
| 页数: | 293页 | |
| 开本: | 19cm | |
| 丛书名: | ||
| 单 册: | ||
| 中图分类: | I209.15 | |
| 科图分类: | ||
| 主题词: | 文学--中国 | |
| 电子资源: | ||
| ISBN: | 7-80618-364-7 | |
| 000 | 00519nam0 2200181 450 | |
| 001 | 0728815141 | |
| 005 | 20070819080015.14 | |
| 010 | @a7-80618-364-7@d¥15.00 | |
| 100 | @a20070819d km y0chiy0120 ea | |
| 101 | 0 | @achi |
| 200 | 1 | @a五卅时期文学史论@Awu sa shi qi wen xue shi lun@f许豪炯@Fxu hao jiong |
| 210 | @a上海@c上海社会科学院出版社@d1997 | |
| 215 | @a293页@d19cm | |
| 606 | 0 | @a文学@x中国 |
| 690 | @aI209.15@v3 | |
| 701 | 0 | @a许豪炯@Axu hao jiong |
| 801 | 0 | @aCN@bPFT@c20070819 |
| 905 | @a213230@dI209.15@eZW98@f1 | |
| 五卅时期文学史论/许豪炯.-上海:上海社会科学院出版社,1997 |
| 293页;19cm |
| ISBN 7-80618-364-7:¥15.00 |
| ● |
| 相关链接 |
|
|
|
|
正题名:五卅时期文学史论
索取号:I209.15/ZW98
 
预约/预借
| 序号 | 登录号 | 条形码 | 馆藏地/架位号 | 状态 | 备注 |
| 1 | 7606957 | 276069576 | 密集书库-文学院/ [索取号:I209.15/ZW98] | 在馆 |